Here - Alessia Cara - All Lyrics - Statistics

General Stats
  • This quiz has been taken 157 times
  • The average score is 352 of 428
Answer Stats
Answer % Correct
I
100%
a
99%
he
99%
hear
99%
her
99%
here
98%
here,
98%
here?
98%
in
96%
no
96%
Oh
96%
Oh-oh,
96%
oh.oh,
96%
oh-oh
96%
oh-oh,
96%
Oh-oh-oh
96%
oh-oh-oh
96%
Oh-oh-oh,
96%
So,
96%
So
96%
do
95%
go
95%
to
95%
be
94%
my
94%
this
93%
this?
93%
about
92%
'bout
92%
can
92%
car
92%
don't
92%
I’ll
92%
I'll
92%
I'm
92%
I’m
92%
we
92%
We
92%
who
92%
with
92%
Yo,
92%
you
92%
boy
91%
But
91%
but
91%
if
91%
just
91%
not
91%
Not
91%
people
91%
ask,
89%
ask
89%
myself
89%
myself,
89%
the
89%
am
88%
An
88%
by
88%
care
88%
friends
88%
got
88%
it
88%
listen
88%
what
88%
at
87%
sorry
87%
we'll
87%
are
86%
even
86%
rather
86%
seem
86%
your
86%
all
85%
need
85%
came
84%
doin'
84%
kick
84%
over
84%
room
84%
ain't
82%
me
82%
me,
82%
when
82%
would
82%
And
81%
and
81%
of
81%
please,
81%
tell
81%
uninterested
81%
well-being
81%
boyfriend
80%
can't
80%
music
80%
party
80%
really,
80%
that
80%
back,
79%
business
79%
home
79%
why
79%
some
78%
Some
78%
enjoy
76%
girl
76%
Right
76%
up
75%
corner
74%
get
73%
listenin'
73%
next
73%
out
73%
since
73%
Truly
73%
who's
73%
dance,
71%
more
71%
take
71%
wanna
69%
'Cause
68%
stand-offish,
68%
wait
68%
did
67%
how
67%
How
67%
them
67%
God,
66%
indifferent
66%
come
65%
done
65%
somewhere
65%
talkin'
65%
talkin',
65%
there
65%
you're
65%
cup
64%
I'd
64%
hardly
62%
his
62%
know
62%
marijuana
62%
she
62%
throwin'
62%
'til
62%
always
61%
Under
61%
what's
61%
ever
60%
gossipin'
60%
mess
60%
never
60%
or
60%
plan
60%
kitchen
59%
none
59%
usually
59%
like
58%
want
58%
anti-social
56%
break
56%
had
56%
hope
56%
little
56%
our
56%
pessimist,
56%
planet
56%
way
56%
big
55%
holla
55%
manners,
55%
pardon
55%
TV
55%
best
54%
clouds
54%
dreams,
54%
you'll
54%
mean
53%
standin'
53%
they're
53%
only
52%
ready
52%
understand
52%
beanie
51%
Excuse
51%
should've
51%
message,
49%
haters,
48%
aren't
47%
bother
47%
honestly,
47%
discuss
46%
low
46%
sad
46%
unimpressed
46%
intentions
45%
offerin'
44%
refrigerator
44%
awfully
39%
hollerin'
34%
Hours
24%
later,
24%
congregatin'
21%
No matching quizzes found
Score Distribution
Percent of People with Each Score
Percentile by Number Answered
Your Score History
You have not taken this quiz